000 00823 a2200193 4500
001 53133
005 20260407155805.0
008 260407a1979 arg spa d
003 AR-UNSa-BCEJYS
040 _aAR-UNSa-BCEJYS
_bspa
_cAR-UNSa-BCEJYS
080 _a331.105.44
_xOrganizaciones de empleados. Sindicatos
245 1 0 _aEl poder económico de los sindicatos
264 1 _aBuenos Aires :
_bEUDEBA (Editorial Universitaria de Buenos Aires)
_c1979
300 _a224 p.
_c22 cm.
505 _a1. Elementos de poder en la ciencia económica - 2. El poder económico de los sindicatos - 3. Sindicatos y poder en la Argentina.Aspectos institucionales - 4. El poder de los sindicatos en el sector manufacturero argentino:1950-1965
942 _cBK
590 _aniveau_biblio:m niveau_hierar:0
100 1 _aMontuschi, Luisa
999 _c5112
_d5112